004960000a2200145000450024501310000065000200013165000170015165000180016865000190018665100220020565100220022704100130024910000170026277300710027910aStudies in neotropical paleobotany. VIII. the Pliocene communities of Panama-introduction and ferns, gymnosperms, angiosperms 14aPaleobotánica14aVegetación14aPalinología14aBiogeografía 4pAmérica Central 4pAmérica del Sur0 aInglés1 aGraham, Alan1 tAnnals of the Missouri Botanical Garden3157h1q190-200d1991g78